000 00251nam a2200097Ia 4500
082 _aEF STEE
245 0 _aThurston House
100 _a Smith, Rupert [South Africa, [c.2010]
_973620
942 _cBK
008 210817s9999 xx 000 0 und d
999 _c241325
_d241324